000 00473nam a2200169Ia 4500
008 180921t2017 xxu||||| |||| 00| 0 sin d
041 _asin
080 _a741.5
_bANU
100 _aAnushika,D
245 _aපුංචි දරුවන්ට විස්මිත මැජික්
246 _aPunchi Daruwanta Wismitha Mejik
260 _bRead Me
_aAluthgama
_c2017
300 _b48p, 21cm
942 _cBK
999 _c438
_d438
003 LK-CoDNM
040 _aLK-CoDNM
_dLK-CoDNM
_eLK-CoDNM